Guess the names of the characters from the Hobbit. - Statistics

General Stats
  • This quiz has been taken 26 times
  • The average score is 13 of 16
Answer Stats
Picture Answer % Correct
Gandalf
96%
Bilbo Baggins
91%
Fili
91%
Kili
91%
Smaug
91%
Balin
83%
Bombur
83%
Dwalin
83%
Bifur
78%
Bofur
78%
Dori
78%
Gloin
78%
Nori
78%
Ori
78%
Oin
74%
Thorin ( oakenshield )
70%
No matching quizzes found
Score Distribution
Percent of People with Each Score
Percentile by Number Answered
Your Score History
You have not taken this quiz